- Traducción e interpretación
Entry Materia
001 - NÚMERO DE CONTROL DEL REGISTRO
- campo de control: 13974
003 - IDENTIFICADOR DE NUMERO DE CONTROL
- campo de control: UPN
005 - FECHA Y HORA DE LA ÚLTIMA TRANSACCIÓN
- campo de control: 20230418193714.0
008 - DATOS DE LONGITUD FIJA
- campo de control de longitud fija: 230418nnbanznnbabn a ana |d
035 ## - NÚMERO DE CONTROL DEL SISTEMA
- Número de control del sistema: UPN10000013982
040 ## - FUENTE DE LA CATALOGACIÓN
- Lengua de catalogación: spa
- Centro catalogador de origen: MX-MxUPN
046 ## - FECHAS CON CODIFICACIÓN ESPECIAL
- Fecha final para contenidos agregados: 2023
053 #4 - NÚMERO CLASIFICADOR - BIBLIOTECA DEL CONGRESO (LC)
- Elemento numérico de la clasificación - Número único o no. inicial del rango: P306
- Elemento numérico de la clasificación - Número único o no. final del rango: P310
150 ## - ENCABEZAMIENTO - TEMÁTICO
- Término de materia o nombre geográfico como elemento inicial: Traducción e interpretación
360 ## - REFERENCIA COMPLEJA DE VÉASE ADEMÁS - MATERIA
- Texto explicativo: Véase también
- Encabezamiento al que se remite: Traducción
- Texto explicativo: bajo títulos uniformes de obras sagradas, idiomas individuales y grupos de idiomas asi como bajo temas generales, por ejemplo:
- Encabezamiento al que se remite: Biblia - Traducción
- Encabezamiento al que se remite: Inglés - Traducción
450 ## - VÉASE - MATERIA
- Encabezamiento temático: Interpretación y traducción
450 ## - VÉASE - MATERIA
- Encabezamiento temático: Lenguaje y lenguas -
- Subdivisión de forma: Traducción
670 ## - FUENTE EN LA QUE SE LOCALIZARON DATOS
- Cita de la fuente: Escamilla González, G. Lista de encabezamientos de materia, 1978 :
670 ## - FUENTE EN LA QUE SE LOCALIZARON DATOS
- Cita de la fuente: página 820 (Traducción e interpretación)
902 ## - CATALOGADOR
- Catalogador: PN/141196
- Catalogador: VíctorGodínez/180423
